| 000 | 00605nam a22001937a 4500 | ||
|---|---|---|---|
| 003 | OSt | ||
| 005 | 20140310181752.0 | ||
| 008 | 130627t xxu||||| |||| 00| 0 eng d | ||
| 050 |
_aQD 45 _b.L123 1985 |
||
| 082 |
_aFIL 540.78 _bL11 1985 |
||
| 245 |
_aLaboratory manual and workbook for general chemistry. Part One / _ccompiled and edited by Christine N. Chung, et al. |
||
| 250 | _arev. ed | ||
| 260 |
_aManila : _bResearch center, De La Salle University, _cc1985. |
||
| 300 |
_a104 p. ; _c28 cm. : |
||
| 521 | _aBasic ed. students | ||
| 541 | _j1 | ||
| 562 | _e1 | ||
| 942 |
_2lcc _cBK-FIL _kFIL |
||
| 999 |
_c3266 _d3266 |
||